[Event "Goch op 10th"]
[Site "Goch"]
[Date "1999.10.14"]
[Round "1.14"]
[White "Treeck, Johannes"]
[Black "Mueller, Michael"]
[Result "0-1"]
[WhiteElo "1858"]
[BlackElo "2267"]
[PlyCount "104"]
[EventDate "1999.10.14"]
[EventType "swiss"]
[EventRounds "7"]
[EventCountry "GER"]
[SourceTitle "EXT 2002"]
[Source "ChessBase"]
[SourceDate "2001.11.25"]
[SourceVersion "1"]
[SourceVersionDate "2001.11.25"]
[SourceQuality "1"]

1. c4 e6 2. g3 d5 3. cxd5 exd5 4. Bg2 c6 5. Nf3 Bf5 6. 0-0 Nf6 7. d3 h6 8. a3 Be7 9. Nc3 Bh7 10. b4 0-0 11. Qb3 Na6 12. Be3 Nc7 13. Rac1 Re8 14. Rfe1 Ne6 15. Nd4 Bf8 16. Nxe6 fxe6 17. d4 Ng4 18. Bd2 Qf6 19. Be3 Nxe3 20. fxe3 Qg5 21. Nd1 Rac8 22. Nf2 Kh8 23. e4 h5 24. e5 Qd8 25. Qf3 g6 26. h4 Bh6 27. e3 Rf8 28. Qe2 Qe8 29. Nh3 a5 30. Rf1 axb4 31. axb4 Qe7 32. Rxf8+ Rxf8 33. b5 Qa3 34. Re1 c5 35. dxc5 Qxc5 36. Kh2 Qc3 37. Nf4 Qxe5 38. Bh3 Rf6 39. Rf1 Bxf4 40. gxf4 Qc3 41. Rd1 Bg8 42. Rd3 Qb4 43. Rd4 Qd6 44. Ra4 e5 45. fxe5 Qxe5+ 46. Kg2 d4 47. Rxd4 Bd5+ 48. Kg1 Qg3+ 49. Bg2 Bxg2 50. Rd8+ Kg7 51. Rd7+ Kh6 52. Qxg2 Qe1+ 0-1